Представление документа в формате MARC21

Поле Инд. ПП Название Значение
Тип записи a
Библиографический уровень a
001 Контрольный номер 7526c14b2e2742dbaee065de8491dfab
005 Дата корректировки 20170316085353.5
020 a ISBN 5-02-008878-1
040 a Служба первич. каталог. НБ ТвГУ
b Код языка каталог. rus
e Правила каталог. PSBO
041 0_ a Код языка текста rus
097 b Оператор novikova
100 1_ a Автор Павлова Анастасия Николаевна
q Полное имя Павлова А. Н.
245 10 a Заглавие Семейная политика Швеции в 1960-70-е годы
260 a Место издания Москва
b Издательство Наука
504 a Библиография Библиогр.: с. 168-170 (60 назв.)
520 0_ a Аннотация В 1960-70-е годы в Швеции широко обсуждались вопросы равенства, в частности равенство полов, с чем связаны и дебаты о положении женщины в обществе.
653 0_ a Ключевые слова Семейная политика
a Ключевые слова Швеция, страна
a Ключевые слова 1960-1970-е гг.
a Ключевые слова Женщина
a Ключевые слова Шведки
a Ключевые слова Семья
a Ключевые слова Равенство
a Ключевые слова Государственная поддержка
773 18 w Контрольный № источника RU/IS/BASE/318428008
t Название источника Северная Европа
d Место и дата издания Москва : Наука, 2003
g Прочая информация Вып. 4. - С. 150-170
901 t Тип документа a
920 a Оператор Нови